000 00341 a2200145 4500
001 170257
020 _a
040 _cMagnum
100 _aColegio Magnum Agostiniano - 2ยช Series
240 1 0 _aProjeto cientifico de quimica
_lpor
245 1 0 _aProjeto cientifico de quimica
362 0 _a1899
697 _aFISICO-QUIMICA
942 _cBK
999 _c170257
_d170257